000 01075nam a2200157Ia 4500
005 20250714155851.0
008 250714s9999 xx 000 0 und d
020 _a9780521039086
082 _a939.4
_bCAU
100 _aCauvin, Jacques
245 4 _aThe Birth of the Gods and the Origins of Agriculture
260 _bCambridge University Press
_c2007
500 _aThis innovative study analyzes the great cultural and economic changes occurring in the Near East between 10,000 and 7,000 BC as Palaeolithic societies of hunter-gatherers gave way to village communities of Neolithic food-producers. Challenging the orthodox, materialist interpretations, and drawing on French theories of mentalities, Jacques Cauvin argues that the Neolithic revolution must be understood as an intellectual transformation, revealing itself above all in symbolic activities. He describes the emergence of the first agricultural villages, pastoralism and nomadism, and the diffusion of Neolithic ideas and practice to the region's periphery.
650 _aSocial Science
942 _cENGLISH
999 _c575793
_d575793